Principles and practices of Modern Coal Mining (Record no. 5021)

MARC details
000 -LEADER
fixed length control field 00420nam a22001697a 4500
005 - DATE AND TIME OF LATEST TRANSACTION
control field 20220221130849.0
008 - FIXED-LENGTH DATA ELEMENTS--GENERAL INFORMATION
fixed length control field 160701b xxu||||| |||| 00| 0 eng d
020 ## - INTERNATIONAL STANDARD BOOK NUMBER
ISBN 978-81-224-0974-1
041 ## - LANGUAGE CODE
Language code of text/sound track or separate title eng
082 ## - DEWEY DECIMAL CLASSIFICATION NUMBER
Item number 20230
Classification number 622.334
100 ## - MAIN ENTRY--AUTHOR NAME
Personal name Singh R D
245 ## - TITLE STATEMENT
Title Principles and practices of Modern Coal Mining
260 ## - PUBLICATION, DISTRIBUTION, ETC. (IMPRINT)
Name of publisher Newage
300 ## - PHYSICAL DESCRIPTION
Number of Pages 685
650 ## - SUBJECT ADDED ENTRY--TOPICAL TERM
Topical Term Diploma Engineering
942 ## - ADDED ENTRY ELEMENTS (KOHA)
Koha item type Books
Holdings
Lost status Damaged status Collection code Home library Current library Shelving location Date acquired Cost, normal purchase price Full call number Accession Number Koha item type Source of acquisition
    MINING JRU Library JRU Library SHELF-94-B 01/07/2016 299.00 20230 20230 Books  
    MINING JRU Library JRU Library SHELF-94-B 01/07/2016 299.00 20230 20231 Books PURCHASE
    MINING JRU Library JRU Library SHELF-94-B 01/07/2016 299.00 20230 20232 Books  
    MINING JRU Library JRU Library SHELF-94-B 01/07/2016 299.00 20230 20233 Books  
    MINING JRU Library JRU Library SHELF-94-B 01/07/2016 299.00 20230 20234 Books  
    MINING JRU Library JRU Library SHELF-94-B 19/02/2022 475.00 622.334 26543 Books PURCHASE
    MINING JRU Library JRU Library SHELF-94-B 19/02/2022 475.00 622.334 26544 Books PURCHASE
    MINING JRU Library JRU Library SHELF-94-B 19/02/2022 475.00 622.334 26545 Books PURCHASE
    MINING JRU Library JRU Library SHELF-94-B 19/02/2022 475.00 622.334 26546 Books PURCHASE
    MINING JRU Library JRU Library SHELF-94-B 19/02/2022 475.00 622.334 26547 Books PURCHASE